Podkarpacie w różnych językach - Statystyki

Ogólne statystyki
  • Ten quiz został rozwiązany 49 razy
  • Średni wynik to 7 z 12
Statystyki odpowiedzi
Podkarpacie Język % Poprawnych
Подкарпатье Rosyjski
85%
Sub-Carpathian region Angielski
82%
ポトカルパチェ Japoński
79%
Падкарпацце Białoruski
76%
Subcarpacia Hiszpański
76%
des Basses-Carpates Francuski
70%
Karpatenvorland Niemiecki
67%
포드카르파시에 Koreański
64%
Подкарпатие Bułgarski
48%
Potkarpacie Chorwacki
21%
पॉडकार्पेसी Hindi
21%
Подкарпацие Kazachski
18%
Nie znaleziono quizów pasujących do podanych kryteriów
Rozkład punktacji
Procent ludzi z każdym wynikiem
Percentyl według liczby udzielonych odpowiedzi
Twoja historia wyników
Nie rozwiązałeś tego quizu